Үргѳнч (Запись № 13329246)

Подробности
000 -МАРКЕР
контрольное поле 01441nam0a2200313 4500
001 - ИДЕНТИФИКАТОР ЗАПИСИ
контрольное поле RU\NLR\BIBL_A\011213071
005 - ИДЕНТИФИКАТОР ВЕРСИИ
контрольное поле 20250810071956.0
035 ## - ДРУГИЕ СИСТЕМНЫЕ НОМЕРА
Идентификатор записи (NLR Aleph) 011213071
100 ## - ДАННЫЕ ОБЩЕЙ ОБРАБОТКИ
Данные общей обработки 20160915d1941 u y0rusy50 ca
101 0# - ЯЗЫК РЕСУРСА
Язык текста, звукозаписи и т.д. киргизский
102 ## - СТРАНА ПУБЛИКАЦИИ ИЛИ ПРОИЗВОДСТВА
Страна публикации Киргизстан
105 ## - ПОЛЕ КОДИРОВАННЫХ ДАННЫХ: ТЕКСТОВЫЕ МАТЕРИАЛЫ, МОНОГРАФИЧЕСКИЕ
Кодированные данные о монографическом текстовом документе y z 000 y
200 1# - ЗАГЛАВИЕ И СВЕДЕНИЯ ОБ ОТВЕТСТВЕННОСТИ
Основное заглавие Үргѳнч
Сведения, относящиеся к заглавию Ырысмендеев Акматтын айтуушу боюнча
Первые сведения об ответственности Кыргыз тилинин жана адабийатынын илим изилдѳѳ ин-туту
Последующие сведения об ответственности басмага даярдаган Абдыракманов Ы.
210 ## - ПУБЛИКАЦИЯ, РАСПРОСТРАНЕНИЕ И ДР.
Место издания, распространения и т.д. Фрунзе
Имя издателя, распространителя и т. д. Кыргызмамбас
Дата издания, распространения и т.д. 1941
215 ## - ФИЗИЧЕСКАЯ ХАРАКТЕРИСТИКА
Специфическое обозначение материала и объем 61,[1] с.
Размеры 15
225 1# - СЕРИЯ
Основное заглавие серии Манас сериялары
Сведения, относящиеся к заглавию (Семитейден)
300 ## - ОБЩИЕ ПРИМЕЧАНИЯ
Текст примечания Латин. графика
541 1# - ПЕРЕВОД ЗАГЛАВИЯ, СДЕЛАННЫЙ КАТАЛОГИЗАТОРОМ
Заглавие Описание Ургенча
Сведения, относящиеся к заглавию (отрывки из "Семетея")
Язык заглавия русский
605 ## - ЗАГЛАВИЕ КАК ПРЕДМЕТ
Начальный элемент ввода "Манас"
Сведения, относящиеся к заглавию / сведения о виде, жанре, характере документа киргизский героический эпос
Системный номер авторитетной/нормативной записи 1395721
Идентификатор авторитетной/нормативной записи RU\NLR\AUTH\66274120
686 1# - ИНДЕКСЫ ДРУГИХ КЛАССИФИКАЦИЙ
Индекс Ш3(257=Ки)-611
702 #1 - ИМЯ ЛИЦА - ВТОРИЧНАЯ ОТВЕТСТВЕННОСТЬ
Начальный элемент ввода Абдырахманов
Часть имени, кроме начального элемента ввода Ы.
Дополнения к именам, кроме дат поэт, сказитель-манасчи
Даты 1888-1967
Расширение инициалов личного имени Ыбырайым
Код отношения Составитель
702 #1 - ИМЯ ЛИЦА - ВТОРИЧНАЯ ОТВЕТСТВЕННОСТЬ
Начальный элемент ввода Рысмендеев
Часть имени, кроме начального элемента ввода А.
Дополнения к именам, кроме дат сказитель
Даты 1891-1966
Расширение инициалов личного имени Акмат
Код отношения Библиографический предшественник
852 ## - МЕСТОНАХОЖДЕНИЕ И ШИФР ХРАНЕНИЯ
Идентификатор организации NLR
Наименование фонда или коллекции (Sub-Location Identifier) ОНЛ
Шифр хранения (Call Number) Кирг./1-178
942 ## - ДОПОЛНИТЕЛЬНЫЕ ЭЛЕМЕНТЫ ЗАПИСИ (АБИС)
Тип экземпляра АБИС Книга
945 ## - Информацию об издании предоставили:
Полное название организации, предоставившей материал Российская национальная библиотека
980 ## - КОЛЛЕКЦИЯ
Название коллекции Библиография Победы
980 ## - КОЛЛЕКЦИЯ
Название коллекции Национальная библиография
Экземпляры
Тип экземпляра Дата поступления Источник поступления Стоимость Библиотека постоянного хранения Библиотека текущего хранения Место хранения Шифр хранения Штрих-код Статус экземпляра
Книга 15.09.2016 Обязательный экземпляр 0.00 РНБ (Московский) РНБ (Московский) Фонд национальных литератур, ин. ОНЛ Кирг./1-178 1-1441414